000 01246nam a2200349 a 4500
001 000113005
003 CHAP
005 20220329144333.0
008 170313s2016 mx a fsm |||||||spa d
010 _a109466
011 _a110438
040 _cCHAP
090 _aTesis
100 1 _aAzueta Pérez, René
_9131727
245 1 0 _aEvaluación de genotipos en la producción de carne en un sistema de doble propósito tropical /
_h[En línea]
_cpor René Azueta Peréz.
260 _aChapingo, Méx. :
_bEl autor,
_c2016.
500 _aPara ver el contenido del material haga clic en la liga
502 _aTesis (Ing. Agr. Esp. en Zootecnia) -- UACH. Departamento de Zootecnia
590 _aBATCH
_b00
_c20181121
_lUCH01
_h0758
590 _aE6096MTM
_b05
_c20170316
_lUCH01
_h1208
590 _aE8697GMM
_b05
_c20170313
_lUCH01
_h1239
590 _aE8697GMM
_b05
_c20170313
_lUCH01
_h1243
650 1 4 _aCarne de res
_xProducción.
_919222
650 1 4 _aGanado de carne
_xGenética.
_945084
650 1 4 _aGanado de carne
_xTrópicos.
_945115
650 1 4 _aGanado vacuno
_xCruzas.
_945452
856 _a1
_n0000682
856 _aFinding aid
_uhttp://10.13.5.2/tesis/sist113005.pdf
_zTeclea aquí
901 _aBK
942 _cTESIS
942 _n0
999 _c109466
_d109466